Ricostruisci la Carriera del Calciatore - Andoni Zubizarreta - Statistics

Statistiche generali
  • Questo quiz è stato fatto 7 volte
  • Il punteggio medio è 4 su 5
Statistiche sulle risposte
Hint Risposta % Corretto
1980-1981 Bilbao Athletic
100%
1981-1986 Athletic Bilbao
80%
1978-1980 Alavés Aficionados
60%
1986-1994 Barcellona
60%
1994-1998 Valencia
60%
Nessun quiz corrispondente trovato
Distribuzione punteggi
Percentuale di utenti per punteggio
Percentile per numero di risposta
I tuoi punteggi nel tempo
Non hai fatto questo quiz